[Event "GER-ch Net blitz qual3"]
[Site "Playchess.com INT"]
[Date "2021.05.07"]
[Round "1"]
[White "Nolting, Johannes"]
[Black "Bardorz, Jana"]
[Result "0-1"]
[WhiteElo "1345"]
[BlackElo "1794"]
[PlyCount "40"]
[EventDate "2021.05.07"]
[EventType "swiss (blitz)"]
[EventRounds "11"]
[EventCountry "GER"]
[SourceTitle "CBM 202 Extra"]
[Source "ChessBase"]
[SourceDate "2021.07.31"]
[SourceVersion "1"]
[SourceVersionDate "2021.07.31"]
[SourceQuality "1"]

1. d4 Nf6 2. c4 g6 3. Nc3 Bg7 4. e4 d6 5. Nf3 0-0 6. Be3 e5 7. d5 Ng4 8. Bg5 f6 9. Bh4 Qe8 10. h3 Nh6 11. Be2 f5 12. Ng5 fxe4 13. Ngxe4 Nf5 14. Bg5 h6 15. Bd2 Nd4 16. 0-0 Nd7 17. Be3 Nc5 18. Nxc5 dxc5 19. Nb5 Qe7 20. Nxd4 cxd4 0-1

[Event "GER-ch Net blitz qual1"]
[Site "Playchess.com INT"]
[Date "2021.04.24"]
[Round "9"]
[White "Schenk, Michael"]
[Black "Nolting, Johannes"]
[Result "0-1"]
[WhiteElo "1620"]
[BlackElo "1293"]
[PlyCount "45"]
[EventDate "2021.04.24"]
[EventType "swiss (blitz)"]
[EventRounds "11"]
[EventCountry "GER"]
[SourceTitle "CBM 202 Extra"]
[Source "ChessBase"]
[SourceDate "2021.07.31"]
[SourceVersion "1"]
[SourceVersionDate "2021.07.31"]
[SourceQuality "1"]

1. e4 c5 2. d4 cxd4 3. c3 dxc3 4. Nxc3 d6 5. Nf3 Nc6 6. Bc4 Nf6 7. 0-0 Bg4 8. Be3 e6 9. h3 Bh5 10. Rc1 Be7 11. g4 Bg6 12. e5 dxe5 13. Qxd8+ Rxd8 14. Rfe1 e4 15. Nh4 Ne5 16. Nxg6 hxg6 17. Bxa7 Rxh3 18. Kg2 Rh4 19. Be2 Nf3 20. Rh1 Rxg4+ 21. Kh3 Ng5+ 22. Kh2 Bd6+ 23. f4 0-1